000 01453cam a22004094a 4500
001 muse5753
003 MdBmJHUP
005 20210127150951.0
006 m o d
007 cr||||||||nn|n
008 091130s2009 fr o 00 0 fre d
020 _a9782760317901
020 _a2760317900
020 _z9782848321028
020 _z9782760306875
020 _z2760306879
035 _a(OCoLC)859685345
040 _aMdBmJHUP
_cMdBmJHUP
100 1 _aBasalamah, Salah.
245 1 3 _aLe Droit de traduire
_bUne politique culturelle pour la mondialisation /
_cSalah Basalamah ; preface de Nicholas Kasirer.
264 1 _bPresses de l'universite d'Ottawa,
264 3 _bProject MUSE,
300 _a1 online resource (xii, 498 p.)
506 0 _aOpen Access
_fUnrestricted online access
_2star
588 _aDescription based on print version record.
653 _aHistory of law - Translation - 18th-21st centuries.
655 7 _aElectronic books.
_2local
710 2 _aProject Muse.
_edistributor
830 0 _aBook collections on Project MUSE.
856 4 0 _zFull text available:
_uhttps://muse.jhu.edu/book/13330/
945 _aProject MUSE - Archive Literature Foundation
945 _aProject MUSE - Archive Complete Foundation
999 _c24138
_d24138